00311nam a2200121Ia 4500008004100000082001700041100001800058245002700076260002600103365000600129630002700135730002700162100415s9999 xx 000 0 und d b6378a598.25 aHoward Eliot aTerritory in Bird Life aLONDONc1920bCOLLINS b0 aTerritory in Bird Life aTerritory in Bird Life